书目信息 |
| 题名: |
四平山
|
|
| 作者: | 陈荫荣 讲述 ;戴宏森 整理 | |
| 分册: | ||
| 出版信息: | 北京 中国曲艺出版社 1982 |
|
| 页数: | 211页 | |
| 开本: | 19cm | |
| 丛书名: | ||
| 单 册: | ||
| 中图分类: | I239.87 , I239.8 | |
| 科图分类: | ||
| 主题词: | 北方评书--中国--现代 , 戏剧文学--剧本--中国 | |
| 电子资源: | ||
| ISBN: | ||
| 000 | 00716nam0 2200265 45 | |
| 001 | 0182009128 | |
| 005 | 20060727085758.59 | |
| 010 | @dCNY0.55 | |
| 091 | @a10227.016 | |
| 100 | @a19950621d1982 em y0chiy0121 ea | |
| 101 | 0 | @achi |
| 102 | @aCN@b110000 | |
| 105 | @ay z 000by | |
| 200 | 10 | @a四平山@Asi ping shan@f陈荫荣讲述@g戴宏森整理 |
| 210 | @a北京@c中国曲艺出版社@d1982 | |
| 215 | @a211页@d19cm | |
| 606 | @a北方评书@y中国@z现代 | |
| 606 | 0 | @a戏剧文学@x剧本@x中国 |
| 690 | @aI239.87@v3 | |
| 690 | @aI239.8 | |
| 701 | 0 | @a陈荫荣@Achen yin rong@4讲述 |
| 702 | 0 | @a戴宏森@Adai hong sen@4整理 |
| 801 | 2 | @aCN@bNLC@c20060727 |
| 801 | 0 | @aCN@b上海图书馆@c20040414 |
| 905 | @f1@b72549@dI239.8@e12:6 | |
| 四平山/陈荫荣讲述/戴宏森整理.-北京:中国曲艺出版社,1982 |
| 211页;19cm |
| ISBN :CNY0.55 |
| ● |
| 相关链接 |
|
|
|
|
正题名:四平山
索取号:I239.8/12:6
 
预约/预借
| 序号 | 登录号 | 条形码 | 馆藏地/架位号 | 状态 | 备注 |
| 1 | 0072547 | 000960678 | 密集书库/ [索取号:I239.8/12:6] | 在馆 | |
| 2 | 0072548 | 000960703 | 密集书库/ [索取号:I239.8/12:6] | 在馆 | |
| 3 | 0072549 | 001589481 | 第一样本阅览室/ [索取号:I239.8/12:6] | 在馆 | |
| 4 | 0072550 | 001505491 | 密集书库/ [索取号:I239.8/12:6] | 在馆 | |
| 5 | 0072551 | 000960687 | 第二借阅区/ [索取号:I239.8/12:6] | 在馆 | |
| 6 | 0428177 | 204281776 | 密集书库/ [索取号:I239.8/12:6] | 在馆 |